科学技術白書:希望にみちた社会をめざして(昭和48年版)

Sparad:
Bibliografiska uppgifter
Institutionell upphovsman: 科学技術庁
Materialtyp: Bok
Språk:Undetermined
Publicerad: 東京 大蔵省印刷局 1973
Ämnen:
Taggar: Lägg till en tagg
Inga taggar, Lägg till första taggen!
Thư viện lưu trữ: Trung tâm Học liệu Trường Đại học Cần Thơ
LEADER 00580nam a2200205Ia 4500
001 CTU_83224
008 210402s9999 xx 000 0 und d
082 |a 338.9406 
082 |b K11 
110 |a 科学技術庁 
245 0 |a 科学技術白書:希望にみちた社会をめざして(昭和48年版) 
245 0 |c 科学技術庁 
260 |a 東京 
260 |b 大蔵省印刷局 
260 |c 1973 
650 |a Science 
650 |x Social aspects 
904 |i QHieu (sửa) 
910 |i Ngoc 
980 |a Trung tâm Học liệu Trường Đại học Cần Thơ